书目信息 |
| 题名: |
中国传统文化名著展评
|
|
| 作者: | 包和平 , 王学艳 编著 | |
| 分册: | ||
| 出版信息: | 北京 北京图书馆出版社 2006.12 |
|
| 页数: | 362页 | |
| 开本: | 21cm | |
| 丛书名: | ||
| 单 册: | ||
| 中图分类: | G12 | |
| 科图分类: | ||
| 主题词: | 传统文化--chuan tong wen hua--著作--简介--中国 | |
| 电子资源: | ||
| ISBN: | 978-7-5013-3422-3 | |
| 000 | 01070nam0 2200241 450 | |
| 001 | 012010300968 | |
| 005 | 20100106155555.67 | |
| 010 | @a978-7-5013-3422-3@dCNY24.00 | |
| 100 | @a20100106d2006 em y0chiy0120 ea | |
| 101 | 0 | @achi |
| 102 | @aCN@b110000 | |
| 105 | @ay z 000yy | |
| 106 | @ar | |
| 200 | 1 | @a中国传统文化名著展评@Azhong guo chuan tong wen hua ming zhu zhan ping@f包和平,王学艳编著@Fbao he ping,wang xue yan bian zhu |
| 210 | @a北京@c北京图书馆出版社@d2006.12 | |
| 215 | @a362页@d21cm | |
| 330 | @a本书共遴选了八十八部传统文化名著,其中经部图书十部;史部图书十二部;子部图书三十三部;集部图书三十三部。各部下的书籍按成书时间先后排列。这些书籍体例多样,内容涉及了哲学、宗教、经济、教育、地理、历史、文学、艺术、天文、科技等。除介绍每部著作作者的生平、写作背景外,重点介绍每部著作的思想内容及其在中国历史上的重点地位。 | |
| 606 | 0 | @a传统文化@Achuan tong wen hua@x著作@x简介@y中国 |
| 690 | @aG12@v4 | |
| 701 | 0 | @a包和平@Abao he ping@4编著 |
| 701 | 0 | @a王学艳@Awang xue yan@4编著 |
| 801 | 0 | @aCN@bQSSK@c20100106 |
| 905 | @b771607-09@dG12@eB212@f3 | |
| 中国传统文化名著展评/包和平,王学艳编著.-北京:北京图书馆出版社,2006.12 |
| 362页;21cm |
| ISBN 978-7-5013-3422-3:CNY24.00 |
| 本书共遴选了八十八部传统文化名著,其中经部图书十部;史部图书十二部;子部图书三十三部;集部图书三十三部。各部下的书籍按成书时间先后排列。这些书籍体例多样,内容涉及了哲学、宗教、经济、教育、地理、历史、文学、艺术、天文、科技等。除介绍每部著作作者的生平、写作背景外,重点介绍每部著作的思想内容及其在中国历史上的重点地位。 |
| ● |
| 相关链接 |
|
|
|
正题名:中国传统文化名著展评
索取号:G12/B212
 
预约/预借
| 序号 | 登录号 | 条形码 | 馆藏地/架位号 | 状态 | 备注 |
| 1 | 771607 | 207716079 | 社科库409/409社科库 56排1列2层/ [索取号:G12/B212] | 在馆 | |
| 2 | 771608 | 207716088 | 社科二线422/409社科库 56排1列2层/ [索取号:G12/B212] | 在馆 | |
| 3 | 771609 | 207716097 | 社科库409/409社科库 56排1列2层/ [索取号:G12/B212] | 在馆 |